| 000 | 00718cam a22002651 4500 | ||
|---|---|---|---|
| 001 | 13886 | ||
| 003 | BD-RjUL | ||
| 005 | 20211208235531.0 | ||
| 008 | 140203s1962 xx 001 0 eng | ||
| 035 | _a(BD-RjUL)13938 | ||
| 035 | _a(OCoLC)1572714 | ||
| 040 |
_aDLC _cF _dDLC _dBD-RjUL _beng |
||
| 041 | _aeng | ||
| 082 |
_a635.93315 _bALC |
||
| 100 | 1 |
_aAllwood, Montagu C. _q(Montagu Charles) _943409 |
|
| 245 | 0 | 0 | _aCarnations for everyman / |
| 250 | _a[Rev., 5th ed.] | ||
| 260 |
_aNew York : _bSt Martin's Press , _cc1962. |
||
| 300 |
_a120 p. : _billus. ; _c21 cm. |
||
| 504 | _aIncludes index. | ||
| 650 | 0 |
_aCarnations. _943410 |
|
| 942 |
_2ddc _cBK |
||
| 999 |
_c13886 _d13886 |
||